Southville International School and Colleges

Tuesdays with Morrie : (Record no. 368475)

000 -LEADER
fixed length control field 00764nam a22002057a 4500
003 - CONTROL NUMBER IDENTIFIER
control field 0
005 - DATE AND TIME OF LATEST TRANSACTION
control field 20251106133946.0
008 - FIXED-LENGTH DATA ELEMENTS--GENERAL INFORMATION
fixed length control field 251106b xxu||||| |||| 00| 0 eng d
020 ## - INTERNATIONAL STANDARD BOOK NUMBER
International Standard Book Number 978-0-385-49649-0
050 ## - LIBRARY OF CONGRESS CALL NUMBER
Classification number DS 78.3
Item number .A339 1997
100 ## - MAIN ENTRY--PERSONAL NAME
Personal name Albom, Mitch,
Relator term author.
245 ## - TITLE STATEMENT
Title Tuesdays with Morrie :
Remainder of title an old man, a young man, and life's greatest lesson /
Statement of responsibility, etc Mitch Albom.
260 ## - PUBLICATION, DISTRIBUTION, ETC. (IMPRINT)
Place of publication, distribution, etc New York :
Name of publisher, distributor, etc Anchor Books,
Date of publication, distribution, etc 1997.
300 ## - PHYSICAL DESCRIPTION
Extent 192 pages ;
Dimensions 18 cm.
520 ## - SUMMARY, ETC.
Summary, etc A memoir about weekly conversations between the author and his former professor Morrie Schwartz, discussing life lessons while Schwartz battles ALS.
600 ## - SUBJECT ADDED ENTRY--PERSONAL NAME
Personal name Schwartz, Morrie.
650 ## - SUBJECT ADDED ENTRY--TOPICAL TERM
Topical term or geographic name as entry element Mentors
Form subdivision Biography.
650 ## - SUBJECT ADDED ENTRY--TOPICAL TERM
Topical term or geographic name as entry element Death
Form subdivision Psychological aspects.
942 ## - ADDED ENTRY ELEMENTS (KOHA)
Source of classification or shelving scheme
Koha item type Books
Holdings
Withdrawn status Koha item type Lost status Permanent Location Full call number Damaged status Current Location Date last seen Shelving location Sub Shelving location Price effective from Date acquired Barcode Source of classification or shelving scheme Source of acquisition
 Books Luxembourg LibraryDS 78.3 .A339 1997 Luxembourg Library2025-11-06High School Section 2025-11-062024-11-1921445 Library Fund
Powered by Koha